Incertidumbre y consenso: las prácticas de construcción de hegemonía en el proceso privatizador de YPF Y SOMISA /
Պահպանված է:
| Հիմնական հեղինակ: | |
|---|---|
| Այլ հեղինակներ: | |
| Ձևաչափ: | Տեքստ |
| Խորագրեր: | |
| Ցուցիչներ: |
Ավելացրեք ցուցիչ
Չկան պիտակներ, Եղեք առաջինը, ով նշում է այս գրառումը!
|
MARC
| LEADER | 00000 a a2200000 04500 | ||
|---|---|---|---|
| 001 | 16050 | ||
| 003 | |||
| 040 | |||
| 100 | |a Soul, Julia | ||
| 245 | |a Incertidumbre y consenso: las prácticas de construcción de hegemonía en el proceso privatizador de YPF Y SOMISA / |c Julia Soul | ||
| 650 | |a PRIVATIZACION | ||
| 650 | |a SINDICATOS | ||
| 650 | |a INDUSTRIA SIDERURGICA | ||
| 650 | |a INDUSTRIA PETROLERA | ||
| 650 | |a ARGENTINA | ||
| 700 | |a Palermo, Hernán M. | ||
| 773 | |g volumen 14; páginas 227-238 | ||
| 999 | |c 20121 |d 20121 | ||
